Statistics for Glad You Came lyrics (The Wanted)

Click here to take the quiz!

General Stats

  • This quiz has been taken 608 times
  • The average score is 12 of 14

Answer Stats

HintAnswer% Correct
The sungoes down
96%
I'mglad you came
95%
my universe willnever be the same
95%
the starscome out
92%
is hereand now
90%
You cast a spell on mespell on me
87%
and all thatcounts
85%
turn thelights
83%
outnow
82%
no one elsecan see
81%
youand me
80%
you hit me like thesky fell on me
79%
so lets gosomewhere
79%
and i decidedyou look well on me
77%

Score Distribution

Percentile by Number Answered

Percent of People with Each Score

Your Score History

You have not taken this quiz